000 01182nam a2200325 i 4500
003 DO-SdBNP
005 20260522143832.0
007 ta
008 260226b2025 dr ||||| |||| 00| 0 spa d
020 _a9789945297072
040 _aDO-SdBNP
_bspa
_cBNPHU
_erda
041 _aspa
082 4 _aRD863.44
_bC965e
_222
100 1 _aCuello, César,
_eautor
_4aut
_911768
245 1 0 _aElla ya me olvidó /
_cCésar Cuello ; edición al cuidado de, Avelino Stanley ; diagramación y diseño de cubierta, Santiago Rivera.
250 _aPrimera edición
264 4 _aSanto Domingo, República Dominicana :
_bEditora Búho, S.R.L.,
_c©2025.
300 _a128 páginas ;
_c20 cm.
336 _atexto
_btxt
_2rdacontent
337 _asin mediación
_bn
_2rdamedia
338 _avolumen
_bnc
_2rdacarrier
500 _aIncluye datos biográficos del autor en las solapas
590 _aInventariado, 2026 /LP
650 7 _aNovela dominicana
_2LEMB
_9223
650 7 _aLiteratura dominicana
_2LEMB
700 1 _aStanley, Avelino,
_eeditor
_4ed.
_989098
700 1 _aRivera, Santiago,
_ediagramador
_4diag.
_977681
910 _aLP/Validado. Control de calidad MFF
942 _2ddc
_cLBS1
999 _c60392
_d60392